• 首页
  • 本馆介绍
  • 公告通知
  • 最新文献
  • 馆藏检索
  • 电子资源
  • 读者导购
  • 参考咨询
  • 我的图书馆
  • 登录
  • 详细信息显示
  • 放入我的书架
  • 预约/预借图书
  • 作者相关作品
  • 分类相关作品
  • 丛书相关作品
  • 出版社相关作品

书目信息

  • 表格格式
  • 工作单格式
  • 卡片格式
题名:
教学档案包
    
 
作者: 赛尔丁 , 米勒 , 赛尔丁 著 ;徐芳芳 译
分册:  
出版信息: 上海   上海大学出版社  2017
页数: 286页
开本: 24cm
丛书名: 高校教学质量提升译丛
单 册:
中图分类: G275.9
科图分类:
主题词: 教学管理--档案管理--信息化--建设
电子资源:
ISBN: 978-7-5671-2513-1
000 01915oam2 2200361 450
001 481
005 20180520221314.70
010    @a978-7-5671-2513-1@dCNY45.00
100    @a20170215d2017 em y0chiy50 ea
101 1  @achi@ceng
102    @aCN@b310000
105    @ay z 000yy
200 1  @a教学档案包@9jiao xue dang an bao@e教学质量提高与职称晋升实用指南@f(美)彼得·赛尔丁(Peter Seldin),(美)J. 伊丽莎白·米勒(J. Elizabeth Miller),(美)克莱门特·A. 赛尔丁(Clement A. Seldin)著@g徐芳芳[等]译
210    @a上海@c上海大学出版社@d2017
215    @a286页@d24cm
225 1  @a高校教学质量提升译丛
305    @a据原书第4译出
312    @a封面英文题名:The teaching portfolio: a practical guide to improved performance and promotion/tenure decisions
314    @a彼得·赛尔丁 (Peter Seldin),任教于美国纽约普莱森特维尔的佩斯大学,系该校管理学荣誉教授。
314    @aJ. 伊丽莎白·米勒 (J. Elizabeth Miller),是儿童及家庭研究副教授,任教于美国伊利诺伊州迪卡尔布的北伊利诺伊大学。
314    @a克莱门特·A. 赛尔丁 (Clement A. Seldin),是美国马萨诸塞大学阿默斯特分校的教育学教授。
330    @a本书详细介绍了制作教学档案包的每一个步骤、教学档案包的内容、使用教学档案包的成功范例,以及通过实践证明广泛使用的教学档案包模板等,并提出了经过实践证明的改善教学档案包的建议。
461  0 @12001 @a高校教学质量提升译丛
510 1  @aTeaching portfolio@ea practical guide to improved performance and promotion/tenure decisions@zeng
517 1  @a教学质量提高与职称晋升实用指南@9jiao xue zhi liang ti gao yu zhi cheng jin sheng shi yong zhi nan
606 0  @a教学管理@x档案管理@x信息化@x建设
690    @aG275.9@v5
701  0 @c(美)@a赛尔丁@9sai er ding@c(Seldin, Peter)@4著
701  0 @c(美)@a米勒@9mi le@c(Miller, J. Elizabeth)@4著
701  0 @c(美)@a赛尔丁@9sai er ding@c(Seldin, Clement A. )@4著
702  0 @a徐芳芳@9xu fang fang@4译
801  0 @aCN@b91MARC@c20170215
905    @aMuseLib@dG275.9@e89
    
    教学档案包:教学质量提高与职称晋升实用指南/(美)彼得·赛尔丁(Peter Seldin),(美)J. 伊丽莎白·米勒(J. Elizabeth Miller),(美)克莱门特·A. 赛尔丁(Clement A. Seldin)著/徐芳芳[等]译.-上海:上海大学出版社,2017
    286页;24cm.-(高校教学质量提升译丛)
    
    
    ISBN 978-7-5671-2513-1:CNY45.00
    本书详细介绍了制作教学档案包的每一个步骤、教学档案包的内容、使用教学档案包的成功范例,以及通过实践证明广泛使用的教学档案包模板等,并提出了经过实践证明的改善教学档案包的建议。
●
相关链接 在E读中查询图书 在五车中查询图书 在当当中查询图书 在豆瓣中查询图书


正题名:教学档案包     索取号:G275.9/89         预约/预借

序号 登录号 条形码 馆藏地/架位号 状态 备注
1 1102824   211028243   第一样本阅览室/ [索取号:G275.9/89] 在馆    
2 1102825   211028252   教育系资料室/ [索取号:G275.9/89] 在馆    
3 1102826   211028261   教育系资料室/ [索取号:G275.9/89] 在馆    
4 1102827   211028270   教育系资料室/ [索取号:G275.9/89] 在馆    
5 1102828   211028289   第四借阅区/ [索取号:G275.9/89] 在馆    
6 1102829   211028298   第四借阅区/ [索取号:G275.9/89] 在馆    
唐山师范学院图书馆 欢迎您!
大连网信软件有限公司© 版权所有